Contar lo más alto posible - 15 segundos de sprint - Estadísticas

Estadísticas generales
  • Esta prueba ha sido intentada 12.519 veces
    4.210 desde el último reinicio
  • La puntuación promedio es 23 de 100
Estadísticas de respuestas
# % Correcto
1
100%
2
99%
3
98%
4
97%
5
96%
6
95%
7
95%
8
94%
9
94%
10
90%
11
87%
12
86%
13
85%
14
84%
15
82%
16
81%
17
79%
18
77%
19
75%
20
68%
21
63%
22
58%
23
53%
24
48%
25
45%
26
42%
27
40%
28
37%
29
33%
30
27%
31
22%
32
18%
33
15%
34
12%
35
10%
36
8%
37
7%
38
6%
39
5%
40
4%
41
3%
42
2%
43
2%
44
1%
45
1%
46
1%
47
1%
48
1%
100
0%
49
0%
50
0%
51
0%
52
0%
53
0%
54
0%
55
0%
56
0%
57
0%
58
0%
59
0%
60
0%
61
0%
62
0%
63
0%
64
0%
65
0%
66
0%
67
0%
68
0%
69
0%
70
0%
71
0%
72
0%
73
0%
74
0%
75
0%
76
0%
77
0%
78
0%
79
0%
80
0%
81
0%
82
0%
83
0%
84
0%
85
0%
86
0%
87
0%
88
0%
89
0%
90
0%
91
0%
92
0%
93
0%
94
0%
95
0%
96
0%
97
0%
98
0%
99
0%
No se encontraron pruebas coincidentes
Distribución de puntuación
Porcentaje de gente con cada puntuación
Porcentaje por número respondido
Historial de tus puntuaciones
No has intentado esta prueba desde el último reinicio